00932cam a22002413a 450000100060000000300060000600500170001200800410002904000150007004200070008505000070009210000400009924501430013926000290028250501970031150600300050851600200053865300220055865300230058065300160060383000290061985600420064818937PGUSA20140828083413.0060729s2006||||xxu|||||s|||||000 p eng d aPGUSAbeng adc 4aPZ1 aKronheim, Joseph Martin,d1810-189610aMy First Picture Book :bWith Thirty-six Pages of Pictures Printed in Colours by Kronheimh[electronic resource] /cJoseph Martin Kronheim bProject Gutenberg,c20060 aMy First Alphabet -- The Little Old Woman who Lived in a Shoe -- The Babes in the Wood -- Little Bo-Peep -- The History of Five Little Pigs -- The History of Old Mother Goose and her Son Jack. aPublic domain in the USA. aElectronic text aChildren's poetry aChildren's stories aFairy tales 0aProject Gutenbergv1893740uhttp://www.gutenberg.org/ebooks/18937